| 000 | 00975nam a22002057a 4500 | ||
|---|---|---|---|
| 999 |
_c8008 _d8008 |
||
| 003 | AR-CdUCM | ||
| 008 | 190322b ||||| |||| 00| 0 spa d | ||
| 040 |
_aMUNICIPALIDAD PROVINCIAL DEL CUSCO _cBIBLIOTECA MUNICIPAL DEL CUSCO |
||
| 082 |
_a631.709 / _bH39 |
||
| 100 |
_aHendriks, Jan _922621 |
||
| 245 |
_aPromoción rural y proyectos de riego : _bla experiencia del proyecto "Rehabilitación del antiguo canal La Estrella-Mollepata" Cusco-Perú / |
||
| 260 |
_aCusco : _bCADEP, _c1988. |
||
| 300 |
_a155 páginas ; _bIlustraciones, _c21 cm. |
||
| 505 | _aContenido: Descripción de la zona -- La infraestructura de riego en el distrito de Mollepata -- Reseña del proyecto "rehabilitación del antiguo canal la estrella" -- El copres como organización campesina ... | ||
| 650 |
_aProyectos de riego _921106 |
||
| 650 |
_aCanales de riego _922622 |
||
| 710 |
_aCentro Andino de Educación y Promoción "José María Arguedas" _922623 |
||
| 942 |
_2ddc _cLIBROS |
||
| 945 | _aacv | ||